000 00317nam a22001457a 4500
003 SGT
020 _a978-0-07-462014-4
082 _a536.7
_bARO
100 _aARORA,C.P
245 _aTHERMODYNAMICS
260 _aNEW DELHI
_bMC-GRAWHILL
_c2015
300 _a762
650 _aMECHANICAL ENGINEERING
942 _2ddc
_cBK
999 _c14366
_d14366